000 00589nam a2200229Ia 4500
003 OSt
005 20230502145806.0
008 210423s2019 xx 000 0 und d
020 _a978-93-87760-36-3
040 _cAL
041 _aeng
082 _a658.8
_223
_bJAIF
100 _aJAIN (Satyendra)
_996169
245 _aFinancial market management Vol 2
260 _aJaipur
_bSatyam Publishers
_c2019
300 _a246
_bHB
365 _b2450
_cINR
440 _v2
650 _aMarketing Management
_996170
906 _aFinancial ; management ; market ; Vol
942 _2ddc
_cBK
999 _c170582
_d170582